000 00787nam a2200241Ia 4500
003 OSt
005 20220930194811.0
006 a|||||r|||| 00| 0
007 ta
008 220926b |||||||| |||| 00| 0 eng d
024 _a13238
037 _cDissertations
040 _aCRL
_cCRL
_beng
041 _2eng
_aeng
100 _aVerma Vijay Kumar
_9522172
110 _aUniversity of Delhi. Faculty of Social Sciences. Department of Political Science
_9520504
245 0 _aNuclear-armament dynamics
_b Some theoretical and perspective dimensions
260 _c1993
650 _aPOLITICAL SCIENCE
700 _aUniversity of Delhi. Faculty of Social Sciences. Department of Political Science
_9520505
942 _cDIS
_2CC
999 _c898168
_d898168